Gloriarse según San Pablo: sentido y teología de Kauchaomai
I tiakina i:
| Kaituhi matua: | |
|---|---|
| Hōputu: | Pukapuka |
| Reo: | Pāniora Kariki |
| I whakaputaina: |
Roma
Biblical Institute Press
1970
Roma Facultad de Teología 1970 |
| Rangatū: | Analecta Biblica, 40
|
| Ngā marau: | |
| Ngā Tūtohu: |
Tāpirihia he Tūtohu
Kāore He Tūtohu, Me noho koe te mea tuatahi ki te tūtohu i tēnei pūkete!
|
MARC
| LEADER | 00000nam a2200000 a 4500 | ||
|---|---|---|---|
| 001 | UCG6258 | ||
| 003 | CL-VaPUC | ||
| 008 | 110414e19700000it |||||||||||||||||spa|d | ||
| 041 | 0 | 7 | |a spa |2 CL-VaPUC |
| 041 | 0 | 7 | |a gre |2 CL-VaPUC |
| 082 | 0 | 4 | |a 227 |b SAN |2 21 |
| 100 | 0 | |a Sánchez Bosch, Jorge |e author |9 556332 | |
| 245 | 1 | 0 | |a Gloriarse según San Pablo: sentido y teología de Kauchaomai |
| 300 | |a 341 p | ||
| 942 | |c BK | ||
| 945 | |d 20110414 00:00:00 |a dcastane | ||
| 260 | |a Roma |b Biblical Institute Press |c 1970 | ||
| 260 | |a Roma |b Facultad de Teología |c 1970 | ||
| 650 | 0 | |a Biblia |9 257603 | |
| 650 | 0 | |a Textos sagrados |9 257605 | |
| 650 | 0 | |a Crítica e interpretación |9 255042 | |
| 650 | 0 | |a Exégesis |9 365279 | |
| 583 | |a last modification |c 20171005 11:06:58 |k Rodrigo Vera | ||
| 490 | 0 | |a Analecta Biblica, 40 | |
| 999 | |c 344532 |d 344530 | ||
| 952 | |0 0 |1 0 |4 0 |6 227_000000000000000_SAN_1970_1970 |7 0 |8 A |9 442555 |a BIBTEO |b BIBTEO |d 2019-11-22 |i 4764595 |o 227 SAN 1970 1970 |p 4764595 |r 2025-01-17 |w 2019-11-22 |y BK |k ICR | ||